Welcome to CU Library Online Public Access Catalogue (OPAC)

Commercial law reports of Ghana (Record no. 9233)

MARC details
000 -LEADER
fixed length control field 00479nam a22001457a 4500
005 - DATE AND TIME OF LATEST TRANSACTION
control field 20260416144259.0
008 - FIXED-LENGTH DATA ELEMENTS--GENERAL INFORMATION
fixed length control field 260416b |||||||| |||| 00| 0 eng d
050 ## - LIBRARY OF CONGRESS CALL NUMBER
Classification number KRX18
Item number .A2
100 ## - MAIN ENTRY--PERSONAL NAME
Personal name Godwin Djokoto ESQ
Dates associated with a name 2008-2018
245 ## - TITLE STATEMENT
Title Commercial law reports of Ghana
Remainder of title commercial cases determined by the superior courts of the republic of Ghana
260 ## - PUBLICATION, DISTRIBUTION, ETC.
Place of publication, distribution, etc. Accra
Name of publisher, distributor, etc. Legal platform
Date of publication, distribution, etc. 2008-2018
300 ## - PHYSICAL DESCRIPTION
Extent xxii,236p,
700 ## - ADDED ENTRY--PERSONAL NAME
Personal name Godwin Djokoto ESQ
Relator term editor
942 ## - ADDED ENTRY ELEMENTS (KOHA)
Source of classification or shelving scheme Library of Congress Classification
Koha item type Books
Suppress in OPAC No
999 ## -
-- 9233
-- 9233
Holdings
Withdrawn status Lost status Source of classification or shelving scheme Damaged status Not for loan Collection Home library Current library Shelving location Date acquired Total checkouts Full call number Barcode Date last seen Price effective from Koha item type
    Library of Congress Classification     Non-fiction Law Library (Kumasi) Law Library (Kumasi) General stacks 04/16/2026   KRX18.A2 COM llk00000174 04/16/2026 04/16/2026 Books
© 2023-2024 Copyright: Central University Libraries. All Rights Reserved | Created by: Mahone Tech Office